000 00883nam a2200265 4500
003 MX-MxINE
005 20260601171017.0
008 260508b2002\\\\nyua||||\||||\00|\0\eng\d
020 _a1564968855
040 _aICI
_bspa
_cICI
_erda
041 _aeng
050 _aNK1160
_bS63 2002
100 1 _aMessina, Francesca
_eProducción y diseño
_934175
245 _aThe society of publication designers 37th publication design annual /
_cFrancesca Messina
246 _aSPD 37th publication design annual
264 _aNew York :
_bSociety of publication designers,
_cc2001
300 _a272 páginas:
_bilustraciones
336 _2rdacontent
_atexto
337 _2rdamedia
_asin medio
338 _2rdacarrier
_avolumen
500 _a"SPD 37 the best of 2001"
650 _aDiseño
_v Publicaciones periódicas
700 _aHooper, Mark
_efotografia
_934177
942 _2lcc
_n1
_cB
999 _c20752
_d20752